[Event "Hoogovens"]
[Site "Wijk aan Zee"]
[Date "1996.01.20"]
[Round "6"]
[White "Dreev, Alexey"]
[Black "Shirov, Alexei"]
[Result "1-0"]
[WhiteElo "2670"]
[BlackElo "2690"]
[Annotator "Ftacnik,L"]
[PlyCount "111"]
[EventDate "1996.01.13"]
[EventType "tourn"]
[EventRounds "13"]
[EventCountry "NED"]
[EventCategory "17"]
[SourceTitle "CBM 051"]
[Source "ChessBase"]
[SourceDate "1996.04.01"]
[SourceVersion "1"]
[SourceVersionDate "1996.04.01"]
[SourceQuality "1"]

1. d4 Nf6 2. c4 g6 3. Nc3 Bg7 4. e4 d6 5. f3 O-O 6. Bg5 c5 7. d5 Qa5 8. Qd2 e6
9. Nge2 (9. Bd3 exd5 10. cxd5 Nbd7 11. Nge2 Ne5 12. O-O Bd7 13. a3 b5 14. b4
cxb4 15. axb4 Qxb4 16. Rfb1 Qc5+ 17. Be3 Nc4 18. Bxc4 Qxc4 19. Rc1 b4 20. Na2
Qb5 21. Nd4 Qb7 22. Nxb4 a5 23. Nbc6 {1/2-1/2 Lutsko,I-Bologan,V/Nikolaev zt/
1993/ (55)}) (9. a4 a6 (9... Na6 10. Nge2 Nb4 11. Nc1 h6 12. Be3 Re8 13. Nb3
Qd8 14. Be2 Kh7 15. O-O e5 16. a5 Qe7 17. Nb5 Na6 18. Nc1 Nh5 19. Nd3 Bd7 20.
Rfc1 f5 21. b4 b6 22. Ra2 Nf6 23. axb6 axb6 24. Rca1 {0-1 Botsari,A-Safranska,
A/Manila olw/1992/ (51)}) 10. Ra3 Qb4 11. Be2 Re8 12. a5 exd5 13. cxd5 b5 14.
axb6 Qxb6 15. Bd1 Nfd7 16. Nge2 Ne5 17. b3 a5 18. O-O Na6 {0-1 Ionescu,
Co-Timoshenko,G/Bucharest/1993/ (34)}) 9... exd5 (9... Na6 10. Nc1 exd5 11.
cxd5 Bd7 12. Be2 b5 13. Nxb5 Nb4 14. Nc3 c4 15. O-O Rfc8 16. a3 Na6 17. Nd1 Qa4
18. Be3 Nc5 19. Nc3 Qa6 20. b3 Qb7 21. Bxc4 a5 22. Rb1 a4 23. bxa4 Nfxe4 24.
fxe4 {1-0 Botsari,A-Skripchenko,A/Manila olw/1992/}) 10. cxd5 b5 (10... Nbd7
11. Ng3 Re8 12. Nb5 Qb6 13. Be2 a6 14. Nc3 h5 15. O-O c4+ 16. Be3 Bh6 17. f4
Qd8 18. Bf3 b5 19. a3 Rb8 20. Nh1 Qc7 21. Nf2 {1-0 Sadler,M-Adamski,A/Oostende
op (08)/1992/ (32)}) 11. Ng3 c4 12. Be2 Nbd7 13. b4 $3 {Very deep strategical
concept, that had to be supported with exact tactical calculation. Fixed pawns
b5-c4 are not exactly defenders dream.} (13. O-O Ba6 14. a3 Nc5 15. Rab1 Rfe8
16. Bh6 Bh8 17. Kh1 Nfd7 18. f4 Na4 19. e5 dxe5 20. f5 Nxc3 21. bxc3 Nc5 22. d6
Bb7 23. Qg5 {1-0 Sadler,M-Djurhuus,R/Malmo (07)/1995/ (33)}) 13... cxb3 (13...
Qb6 14. a4 $16) (13... Qxb4 14. Rb1 Qa5 15. Nxb5 $16) 14. Nxb5 Qb6 (14... b2
15. Rb1 Qxa2 16. Rxb2 Qa1+ 17. Qc1 $1 $16) 15. Be3 Nc5 16. axb3 $1 Nfxe4 (16...
Bd7 17. b4 (17. Nd4 $5) 17... Bxb5 (17... Nb3 18. Bxb6 Nxd2 19. Rxa7 $16) 18.
bxc5 dxc5 19. Rb1 a6 20. O-O $16 {Pawns d5-e4 are much stronger than a6, c5
pair.}) 17. fxe4 Bxa1 18. b4 Nb3 (18... Bd7 19. bxc5 (19. Nxd6 Qxd6 20. bxc5
Qe5 21. O-O $44) 19... dxc5 20. Nc3 $16) 19. Qd3 $1 (19. Bxb6 $2 Nxd2 20. Kxd2
axb6 $19) 19... Nc1 20. Bxc1 (20. Qa3 $6 Bb2 $1 (20... Qb8 21. Qxc1 $1 (21.
Qxa1 Nxe2 22. Bh6 f6 23. Bxf8 Nxg3 $1 24. Qxf6 Nh5) 21... Be5 22. Qd2 $16 (22.
Nc7 $6 Qxb4+ 23. Bd2 Bxg3+ 24. hxg3 Qxe4 25. Nxa8 Bg4 $132)) 21. Bxb6 Bxa3 22.
Ba5 Bb2 23. Nxd6 Be5 $17) 20... Ba6 21. Qa3 Be5 (21... Bxb5 22. Qxa1 Bxe2 23.
Bh6 f6 24. Kxe2 Rfc8 25. Rd1 $16) 22. Be3 Bxb5 $3 {Beautiful, even though
forced idea since black will get lot of play.} (22... Qb7 23. Nxd6 $1 Bxd6 24.
Bxa6 Bxb4+ 25. Ke2 $18) 23. Bxb6 axb6 24. Qe3 f5 $1 (24... Ra1+ $2 25. Kf2
Bxg3+ 26. Kxg3 Rxh1 27. Bxb5 $18) 25. exf5 $1 (25. Bxb5 f4 26. Qd3 fxg3 27. Ba6
b5 28. Qxb5 gxh2 $132) 25... Bxg3+ (25... Rae8 26. O-O Bxg3 27. Qxg3 Bxe2 28.
Rf2 $18) 26. Qxg3 Bxe2 27. Qxd6 (27. Kxe2 $5 {Dreev could have probably
returned his Q and won a R endgame.} Ra2+ 28. Kd3 $1 Ra3+ 29. Kc4 Rxg3 30. hxg3
Rxf5 31. Rd1 $1 Rf2 32. Kb5 Rxg2 33. Rd3 $18) 27... Bb5 28. Qe6+ Kh8 29. Qe5+
Kg8 30. Qe6+ Kh8 31. Qxb6 Ra1+ 32. Kd2 Rxh1 33. Qxb5 Rxf5 34. Qe8+ Kg7 35. Qe7+
Kg8 36. Qe6+ Kg7 37. d6 $1 Rf2+ 38. Kc3 Rc1+ 39. Kb3 Rd1 40. Qe5+ Kg8 41. Qe6+
Kg7 42. Kc4 $1 Rxg2 (42... Rfd2 43. Kc5) 43. Kc5 Rf2 44. Qe5+ Kg8 45. Qe8+ Kg7
46. Qe5+ Kg8 47. Qe8+ Kg7 48. d7 Rfd2 49. Qe7+ Kh6 50. Qh4+ Kg7 51. Qe7+ Kh6
52. Kc6 Rc2+ (52... g5 53. Kc7 Rc2+ 54. Qc5 Rcd2 (54... Rxc5+ 55. bxc5 Kg6 56.
d8=Q Rxd8 57. Kxd8 h5 58. c6 $18) 55. Qf8+ Kg6 56. d8=Q Rxd8 57. Qxd8 Rxd8 58.
Kxd8 h5 59. b5 g4 60. b6 h4 61. b7 $18) 53. Kb7 Rcd2 54. Kc7 Rc2+ 55. Qc5 $1
Rdc1 56. Kb6 $1 (56. d8=Q $2 Rxc5+ 57. bxc5 Rxc5+ 58. Kd6 Rf5 $10) 1-0

[Event "Hoogovens"]
[Site "Wijk aan Zee"]
[Date "1997.01.26"]
[Round "7"]
[White "Timman, Jan H"]
[Black "Van Wely, Loek"]
[Result "0-1"]
[WhiteElo "2630"]
[BlackElo "2645"]
[Annotator "Hazai,L"]
[PlyCount "76"]
[EventDate "1997.01.18"]
[EventType "tourn"]
[EventRounds "13"]
[EventCountry "NED"]
[EventCategory "16"]
[SourceTitle "CBM 057"]
[Source "ChessBase"]
[SourceDate "1997.04.01"]
[SourceVersion "1"]
[SourceVersionDate "1997.04.01"]
[SourceQuality "1"]

1. d4 {Hansen,Cu} Nf6 2. c4 g6 3. Nc3 Bg7 4. e4 d6 5. f3 O-O 6. Nge2 a6 (6...
c5 {is the main line nowadays.}) 7. Bg5 c6 (7... Nc6) 8. Qd2 b5 9. Bh6 e5 $1
10. O-O-O (10. Bxg7 Kxg7 11. Ng3 Nbd7 12. O-O-O Qa5 13. Kb1 Rb8 14. h4 bxc4 15.
h5 Qb4 16. Qc1 Nb6 $132 {Epishin-I.Sokolov, Ter Apel 1995}) 10... Bxh6 11. Qxh6
Qa5 (11... Nbd7 12. h4 Qa5 $13) 12. Qg5 (12. g4 b4 13. Nb1 Qxa2 14. Ng3 Nbd7
15. Nf5 gxf5 16. gxf5 Kh8 17. dxe5 dxe5 18. Rg1 Rg8 19. Rxd7 $1 Nxd7 20. Rxg8+
Kxg8 21. Qg5+ {1/2 I.Sokolov-Van Wely, Wijk aan Zee 1997}) (12. Kb1 $4 {
Hansen,Cu} b4 $19 {>< Nc3}) 12... Nbd7 13. Ng3 {There is no time to make
defensive moves on the queenside. White gives the a2 P in order to create
threats on the kingside.  Hansen: In the following moves white tries to
achieve something by attacking with his pieces only which is unusual in this
kind of position. Normally white tries to attack by opening the h-file. The
game indicates that Timman's idea is dobious.} b4 14. Nb1 Qxa2 15. Nf5 exd4 16.
Nxd6 {[#]} (16. Ne7+ {leads probably to perpetual check, for example:} Kg7 (
16... Kh8 17. Nxc6) 17. Nf5+ (17. Nxc6 Ne5 $1 18. Nxe5 h6) 17... Kg8 (17... Kh8
18. Nxd6) 18. Ne7+ $11) (16. Nxd4 h6 17. Qxh6 Ne5) 16... h6 $1 {>< e5, c5 ><
e5, c5 This is a real cold-blooded defensive move! Normally black would be
afraid of given up any of his pawns on the kingside. But white is only
attacking with Q and N.} 17. Qxh6 (17. Qd2 Nc5 18. Qxb4 Nb3+ (18... Nfd7 19.
Qa3) 19. Kc2 Na1+ 20. Kc1 $11 (20. Kd2 Nb3+ 21. Ke1 Nd7 22. Qa3 Qxa3 23. Nxa3
c5 $15)) 17... Nc5 {Hansen: The idea of blacks last move. The N has been
allowed to go to the very important square c5.} 18. h4 (18. Nf5 {leads nowhere
after} Bxf5 19. exf5 Nb3+ 20. Kc2 Qa4) 18... Nb3+ (18... Nfd7 19. Nf5 $1) (
18... Ng4 19. fxg4 Bxg4 20. Rd3 $1) 19. Kc2 Na1+ 20. Kc1 Nb3+ 21. Kc2 Na1+ 22.
Kc1 Qa4 (22... Nb3+ $11 {and draw with perpetual check.}) 23. Bd3 Nb3+ 24. Kc2
Nc5+ 25. Kc1 Nb3+ 26. Kc2 Nc5+ 27. Kc1 (27. Kd2 Qb3 28. Bc2 Qxb2 29. h5 d3 30.
hxg6 Qxc2+ 31. Ke3 Ng4+ 32. fxg4 Qe2+ 33. Kf4 Qxg4+ 34. Ke5 Qg3+ 35. Kf6 Nd7+
36. Kf5 fxg6+ 37. Ke6 Qe5#) 27... Qb3 28. Qd2 {Hansen: Whites dreams of
getting an attack started is shattered. The textmove was neccesary as black
cannot be allowed to move his d-pawn forward.} (28. Bc2 d3 $1 29. Bxb3 (29.
Bxd3 Nxd3+ 30. Rxd3 Qxd3 31. h5 Nxh5 32. Rxh5 Qf1+ 33. Kc2 Qxg2+ 34. Nd2 gxh5
$19) 29... Nxb3#) (28. h5 Nxd3+ 29. Rxd3 Qxd3 30. hxg6 Qe3+) 28... Nfd7 {
Hansen: Now that whites queen has been forced away from h6 black can even move
his last defending piece away from the kingside to strengthen his attack on
the opponents K on c1. The threat Nd7-e5 is deadly so white reply is forced:}
29. f4 $2 (29. Bc2 d3 30. Bxd3 (30. Bxb3 $4 Nxb3#) 30... Ne5 (30... Na4 {
/\ Nd7-c5 /\ Nd7-c5} 31. Qc2 Ndc5 {/\ Qa2 /\ Qa2} 32. Qxb3 Nxb3+ 33. Kc2 Nd4+
34. Kc1 (34. Kd2 Nxb2 $19) 34... Nb3+ $11) 31. Bc2 (31. Be2 Qa4 $19) 31... Be6
(31... Qa2 32. Qxb4) (31... Nxc4 32. Nxc4 Qxc4 33. Qe3 Be6 (33... b3 34. Na3
$36) 34. Nd2) 32. Qd4 (32. Bxb3 Nxb3+ 33. Kc2 Na1+) 32... Nxc4) 29... Nb6 $1
$19 {Van Wely is very dangerous in attacking positions!} 30. f5 (30. Qc2 Bg4
31. Rd2 Qa2 $19) 30... Nba4 $1 {/\31. - Nxd3+ 32. Qxd3 Qxb2#} 31. Rh3 (31. Qc2
Qa2) 31... Qa2 {/\32. - Nb3+ 33. Kc2 Qxb2#} 32. Be2 $1 Rd8 (32... Nb3+ $6 33.
Rxb3 Qxb3 34. Qxd4) (32... Nc3 $1 $19 {[%cal Rc5b3,Ra2b1] Hansen,Cu Hansen:
This possibility - which is even better than 32. - Rd8 - was brought to my
attention by Jorgen Glistrup. Black has a winning attack instead of "only" a
piece more in the game.} 33. Nxc3 Nb3+ 34. Kc2 bxc3 $19) 33. Qxb4 (33. fxg6
Rxd6 34. gxf7+ Kxf7 (34... Kf8) (34... Kf8) 35. Rf1+ Ke8 36. Bh5+ Kd8 $19) (33.
Nxc8 d3 34. Ne7+ Kg7 35. f6+ Kh7 $19) 33... a5 $1 (33... Rxd6 $4 {Hansen,Cu}
34. Ra3) 34. Qa3 Qxa3 35. Rxa3 Rxd6 36. e5 Rd8 37. Bf3 Rb8 38. Bxc6 Nxb2 0-1

[Event "Linares 14th"]
[Site "Linares"]
[Date "1997.02.13"]
[Round "8"]
[White "Ivanchuk, Vassily"]
[Black "Kasparov, Garry"]
[Result "1-0"]
[WhiteElo "2740"]
[BlackElo "2795"]
[Annotator "Ftacnik,L"]
[PlyCount "71"]
[EventDate "1997.02.04"]
[EventType "tourn"]
[EventRounds "11"]
[EventCountry "ESP"]
[EventCategory "18"]
[SourceTitle "CBM 057"]
[Source "ChessBase"]
[SourceDate "1997.04.01"]
[SourceVersion "1"]
[SourceVersionDate "1997.04.01"]
[SourceQuality "1"]

1. d4 Nf6 2. c4 g6 3. Nc3 Bg7 4. e4 d6 5. f3 O-O 6. Bg5 a6 7. Qd2 c5 8. d5 b5
9. cxb5 Nbd7 10. a4 Qa5 11. Nge2 Nb6 12. Nc1 {Dautov: Der Springer wird nach
a2 überführt, was beim Abtausch auf b5 das Schlagen mit dem Bauern a4xb5
ermöglicht.} axb5 13. Bxb5 Ba6 14. N1a2 Bxb5 15. axb5 Nh5 $1 $146 (15... Nfd7
16. O-O Bd4+ 17. Kh1 Bxc3 18. Qxc3 Qxb5 19. Bh6) (15... Rfe8 16. O-O e6 17.
dxe6 Rxe6 18. Rfb1 Nfd7 $2 {1-0 Dreev,A-Sokolov,I/Nussloch 1996/CBM 53 [Dautov]
(34)} (18... d5 $142)) 16. Rb1 (16. Z0 Bxc3 17. Qxc3 Qxc3+ 18. bxc3 Nf6 {פa2})
(16. Rd1 Nc4 17. Qe2 Nxb2 18. Qxb2 Qxa2 19. Qxa2 Bxc3+ 20. Qd2 Bxd2+ $17) (16.
Bxe7 Rfe8 17. Bg5 (17. Bxd6 $2 Nc4 $19) 17... Bd4 $40 (17... Nc4 18. Qc2 Nxb2
19. O-O $14 (19. Qxb2 Bxc3+ 20. Nxc3 Qxa1+))) (16. O-O Bd4+ 17. Kh1 Bxc3 18.
Qxc3 (18. bxc3 Ra7 {>< Na2}) 18... Qxb5 19. Z0 Rxa2) 16... Bd4 {/\f7-f5} 17.
Bh6 Rfe8 (17... Rfb8 18. b3 Nd7 19. Be3 (19. b4 Qa3) (19. Ke2 Rxb5 $44) 19...
Bxe3 20. Qxe3 Rxb5) (17... f5 $1 $36 {Kasparov} 18. Bxf8 Rxf8 {/\ Nc4} 19. b3
fxe4 20. Nxe4 (20. fxe4 Rf2 21. Qxf2 Bxf2+ 22. Kxf2 c4 23. b4 Qa7 $36) 20...
Qxb5 21. Nac3 Qa6 22. Qe2 Qa5 23. b4 cxb4 24. Qb5 Bxc3+ 25. Nxc3 Qxb5 26. Nxb5
Nxd5 {=/+/=}) 18. b3 e6 19. dxe6 Rxe6 $5 (19... fxe6 $5 20. Be3 e5 21. O-O Nf4
$5 $44) 20. Be3 Bxe3 21. Qxe3 d5 22. b4 (22. Qxc5 $2 Nf4 23. O-O d4 $1 24. Qxd4
Qxa2 25. Nxa2 Ne2+ $19) 22... Qa3 (22... cxb4 23. Nxb4 dxe4 24. O-O (24. fxe4
$14) 24... exf3 25. Qxf3 Rf6 26. Qe4 $1 $16) 23. bxc5 Nc4 24. Qd4 Nf4 25. O-O
$1 $18 (25. b6 $2 Qxa2 26. Nxa2 Rxa2 $13) (25. g3 $2 Ng2+ 26. Kf2 Qxa2+ 27.
Nxa2 Rxa2+ $17) 25... Qxa2 26. Rf2 (26. Nxa2 $2 Ne2+ $19) 26... Qa3 $6 (26...
Qa5 $5 27. exd5 (27. b6 $5) 27... Re3 28. Qxc4 (28. b6 Qxc3 29. Qxf4 Rae8 30.
b7 Nd2 31. b8=Q Nxb1 32. Qbb4 $5 $13) 28... Qxc3 29. Qxf4 $16) 27. Nxd5 $18 Qd3
(27... Nd3 28. Qxc4 Nxf2 29. Kxf2 $18) 28. Qxd3 Nxd3 29. Rc2 Na3 30. Ra2 Nxc5 (
30... Nxb1 31. Rxa8+ Kg7 32. c6 $18) 31. Rba1 f5 32. Nc7 Re5 33. Nxa8 Nxb5 34.
exf5 gxf5 35. Nb6 Nc3 36. Rc2 $138 1-0

[Event "Linares 14th"]
[Site "Linares"]
[Date "1997.02.15"]
[Round "10"]
[White "Dreev, Alexey"]
[Black "Topalov, Veselin"]
[Result "0-1"]
[WhiteElo "2650"]
[BlackElo "2725"]
[Annotator "Psakhis,L"]
[PlyCount "58"]
[EventDate "1997.02.04"]
[EventType "tourn"]
[EventRounds "11"]
[EventCountry "ESP"]
[EventCategory "18"]
[SourceTitle "CBM 057"]
[Source "ChessBase"]
[SourceDate "1997.04.01"]
[SourceVersion "1"]
[SourceVersionDate "1997.04.01"]
[SourceQuality "1"]

1. d4 Nf6 2. c4 g6 3. Nc3 Bg7 4. e4 d6 5. f3 O-O 6. Bg5 a6 7. Qd2 (7. Nge2 Nbd7
(7... c5 8. d5 b5 9. cxb5 Qa5 10. Ng3 axb5 11. Bxb5 Ba6 12. Bxa6 Nxa6 13. O-O
Rfb8 14. Rb1 Rb7 {1/2-1/2 Dreev,A-Azmaiparashvili,Z/Reggio Emilia 1996}) 8. Qd2
c5 9. d5 b5 10. cxb5 Qa5 11. a4 Nb6 12. Nc1 axb5 13. Bxb5 Ba6 $44 {1-0
Lorscheid,G-Howell,J/BL 1996 (20)}) 7... c5 8. Nge2 (8. d5 Qa5 9. Nge2) 8...
Qa5 9. d5 b5 $1 {N/ Much stronger, than} (9... Nbd7 10. Ng3 Rb8 (10... b5 $5)
11. a4 Nb6 12. Qc2 Bd7 13. Bd2 Nc8 14. Bd3 $16 {1-0 Benitah,Y-Russell,L/
Glenalmond 1996 (29)}) 10. Nc1 Nbd7 11. cxb5 axb5 12. Nxb5 (12. Bxb5 Ba6 13.
Nb3 (13. Bxd7 Nxd7 14. Bxe7 Rfb8 {with dangerous initiative.}) 13... Qb6 $44)
12... Nb6 13. Qxa5 Rxa5 14. Bd2 (14. Nc3 $5) 14... Ra8 15. Ne2 $6 (15. Bd3 Na4
16. Rb1 Bd7 17. Nc3 e6 {with good compensation for a pawn.}) 15... Nc4 $1 16.
Nec3 (16. Bc3 Bd7) (16. Bc1 $5 e6 $140 $6 17. Nec3 exd5 18. Bxc4 dxc4 19. Nxd6
$16) 16... Nxb2 17. a4 (17. Rc1 Bd7 18. Rc2 Na4 $17) 17... c4 $1 18. Ra2 (18.
Rb1 $5 Nxa4 (18... Nd3+ 19. Bxd3 cxd3 20. Be3 Nd7 21. Kd2) 19. Bxc4 Bd7 20. O-O
Rfc8 $15) 18... Nd3+ 19. Bxd3 cxd3 20. Bg5 (20. Be3 $5 Ba6 21. Kd2 Nd7 $13)
20... Ba6 21. Nc7 $6 {Maybe decisive mistake.Black,s position is perfect and
Dreev had to play very carefully.} (21. Kd2 Rfc8 22. Rb1 $1 (22. Ra3 Bxb5 23.
Nxb5 Rc2+ 24. Kxd3 Rxg2 $15)) 21... Nd7 $1 22. Ra3 (22. Bd2 $2 Bxc3 23. Bxc3
Rfc8 $1 24. Nxa8 (24. Ba5 Ra7 $19) 24... Rxc3 25. Kd2 Rc8 26. Rc1 Rxa8 27. Rc7
Nc5 $19) (22. Nd1 Bc4 23. Rd2 Rxa4 24. Bxe7 Ra1 $1 25. Bxd6 (25. Bxf8 Kxf8 26.
O-O Ra7 $19) 25... Bc3 $1 26. Bxf8 Kxf8 27. d6 Bb3 $19) 22... Rfc8 23. N3b5 (
23. Nxa8 Bxc3+ 24. Rxc3 Rxc3 {[%csl Ra8][%cal Rc3c8]} 25. a5 Ra3 26. O-O Rxa5
27. Nc7 (27. Bxe7 Rc5 $1 28. Bxd6 d2 $1 29. Bf4 Bxf1 30. Bxd2 Bxg2 $1 $19)
27... f6 28. Be3 Ne5 $17) 23... Bxb5 24. Nxb5 Rc5 $1 25. Rb3 (25. Rxd3 Rxa4 26.
Ra3 (26. Na3 Bc3+ $19) 26... Rac4 (26... Rxb5 27. Rxa4 Rb1+ 28. Kf2 Rxh1 29.
Ra8+ Bf8 30. Bxe7 Kg7 31. Bxf8+ Nxf8 32. h3) 27. Ra8+ Bf8 28. O-O Rxb5 29. Bxe7
Kg7 $19) 25... Rxa4 26. O-O (26. Kf2 Rc2+ 27. Kg3 Nc5 28. Ra3 Be5+ 29. Kh3 f6
$19) 26... Ra2 27. Kh1 (27. Bxe7 Rcc2 28. Bxd6 Rxg2+ 29. Kh1 Ne5 30. Bxe5 Bxe5
31. Rfb1 Bf4 $19) 27... d2 $19 28. Na3 Bd4 29. Rd3 (29. Nb1 $5 Rc1 30. Rxc1 (
30. Nxd2 Rxf1+ 31. Nxf1 Ra1 $19) 30... dxc1=Q+ 31. Bxc1 Rf2 32. Nd2 Re2 $1 $19)
29... Rc1 (29... Rc1 30. Rxc1 dxc1=Q+ 31. Bxc1 Ra1 32. Rd1 Bb2 $19) 0-1

[Event "Dos Hermanas"]
[Site "Dos Hermanas"]
[Date "1997.04.08"]
[Round "6"]
[White "Illescas Cordoba, Miguel"]
[Black "Shirov, Alexei"]
[Result "0-1"]
[WhiteElo "2635"]
[BlackElo "2690"]
[Annotator "Hazai,L"]
[PlyCount "120"]
[EventDate "1997.04.01"]
[EventType "tourn"]
[EventRounds "9"]
[EventCountry "ESP"]
[EventCategory "19"]
[SourceTitle "CBM 059"]
[Source "ChessBase"]
[SourceDate "1997.08.01"]
[SourceVersion "1"]
[SourceVersionDate "1997.08.01"]
[SourceQuality "1"]

1. c4 Nf6 2. Nc3 g6 3. e4 d6 4. d4 Bg7 5. f3 O-O 6. Bg5 c5 7. d5 h6 {This move
wants to avoid the lines:} (7... e6 8. Qd2 exd5 9. Nxd5 (9. cxd5 h6 10. Bxh6
Nxe4 11. Nxe4 Qh4+ 12. g3 Qxh6 13. Qxh6 Bxh6 14. Nxd6)) 8. Bf4 {This move is
against e7-e6} (8. Be3 e6 {and Black has avoid the abovementioned
continuations.}) 8... a6 (8... e6 $6 9. dxe6 Bxe6 10. Bxd6 {and it is hard to
show any real for the sacrificed material.}) (8... Nh5 $5 9. Be3 f5 {deserves
serious attention.}) 9. Nge2 (9. Qd2 Kh7 10. a4 Nbd7 11. Nh3 $1 $14) 9... b5 {
This Benko Gambit type pawn sacrifice is the only way for Black to get out of
passivity.} 10. Qd2 Kh7 11. cxb5 Nfd7 (11... axb5 12. Nxb5 Ba6 13. Nec3 $14)
12. Ng3 (12. Nc1 $5) 12... Qa5 13. b6 {avoiding the opening of the a line.} (
13. h4 $6 axb5 14. h5 g5) (13. a4 $5 axb5 14. Bxb5 Ba6) 13... Nxb6 14. Qc2 {
/\ Bd2 against the black Q.} (14. Be2 N8d7 15. O-O $14) 14... N8d7 15. Bd2 c4
16. Nd1 Qc5 17. Bc3 $1 {The exchange of the dark squared B is favourable for
White.} Ne5 18. f4 Ng4 19. Bxg7 Kxg7 20. Be2 Nf6 21. Qd2 Rb8 {Black's only
chance is hindering the castles.} 22. Rc1 $1 (22. Nf2 Na4) 22... a5 {defending
against b2-b4} 23. a3 h5 24. b4 $1 $16 axb4 25. axb4 Qb5 26. Bf3 Na4 27. e5 $1
(27. Rb1 $5 {/\ Nc3}) 27... Nd7 28. exd6 exd6 29. O-O Ba6 30. Nc3 $1 (30. Qd4+
Nf6 31. Bxh5 (31. Ne3 Qb6) 31... Qxb4 {/\ Qc5}) 30... Qxb4 31. Qd4+ Kg8 (31...
Nf6 $2 32. Nxa4 Qxa4 33. Ne4 $18) 32. Nxa4 Qxa4 {[#]} 33. Bxh5 $1 Qb4 (33...
gxh5 34. Nxh5 f6 35. Qe4 $18) 34. Be2 Rfc8 35. Kh1 (35. Ne4 Qb6 $1) 35... Qb2
36. Qa7 $1 {White has to avoid the exchange of the queens because of his good
attacking prospects on the kingside.} Nc5 {/\ Rb7} 37. Qe7 $1 Nd3 {[#]} 38. f5
$1 (38. Bxd3 $2 cxd3 39. Rxc8+ Rxc8 $17) 38... Qe5 $1 (38... Nxc1 $2 39. fxg6
fxg6 (39... Qg7 40. gxf7+ Kh8 41. Rf5 $18) 40. Qf7+ Kh8 41. Rf4 g5 42. Rf6 $18)
39. Qxe5 dxe5 40. Ra1 Bb5 41. fxg6 fxg6 42. Ne4 {The first waves of attack are
repelled, but White's activity is still remained} Nf4 (42... c3 $2 43. Nd6 $18)
43. Bg4 Rf8 44. Nc3 (44. g3 $6 c3 $1 45. gxf4 Bxf1 46. Be6+ Kg7 47. Rxf1 Rxf4
48. Rxf4 c2 $1) 44... Kg7 45. Kg1 (45. g3 $2 Nxd5 $1 46. Nxd5 Bc6 47. Rxf8 Rxf8
48. Rd1 c3 $1 {with a lethal pin on the long diagonal}) 45... Rfd8 46. Ra7+ $1
(46. Bf3 $14) 46... Kh6 47. h4 $1 {White is playing for mate!} Be8 {[#]} (47...
Nxd5 $2 48. Rff7 $18) 48. Be6 $2 (48. Ne4 $1 $18 g5 (48... Nxd5 49. Ng5) (48...
Rxd5 49. Nf6) (48... Rb2 49. Rxf4 $1 exf4 50. Nf6 $18) 49. hxg5+ Kg6 50. g3
Nxd5 51. Bf5+ Kh5 52. Rh7#) 48... g5 $1 49. hxg5+ Kxg5 50. Ne4+ Kh6 51. Bf5 Bg6
52. Bxg6 (52. Ra6 Rg8 53. g3 Nxd5 54. Kf2 Rb2+ 55. Kf3 Rb3+ 56. Kf2 Rb2+ $11)
52... Kxg6 53. d6 $2 (53. Ra6+ Kg7 54. Ra7+ $11 {with perpetual}) 53... Rb2 $1
$19 {The counterattack is suddenly decisive. Sad for Illescas, since he has
played the game until a certain moment very well.} 54. Rf2 Rb1+ 55. Kh2 (55.
Rf1 Rf8 $3 56. Rxb1 Ne2+ 57. Kh2 Rh8+) 55... Re1 56. Nd2 c3 57. Nf3 Rh8+ 58.
Kg3 Nh5+ 59. Kh4 Re4+ 60. Kh3 Nf6+ (60... Nf6+ 61. Kg3 Rg4#) 0-1